000 00524nam a2200205Ia 4500
005 20250508151543.0
008 008 250505s9999 xx 000 0 eng d
037 _aTextual
040 _aFEDL
_beng
_cFEDL
041 _aeng
_2eng
084 _a150, ROB
_qFEDL
100 _aRoberts Harry
245 0 _aThinking and doing
260 _aLondon, UK
_bA and C Black Ltd.
_c1933
300 _avii,96p.
365 _aINR
_b4
650 _aPsychology
942 _cTEXL
_h150, ROB
999 _c1330584
_d1330584